|
|
|
|
| LEADER |
00970cam a2200301 7i4500 |
| 001 |
0000032231 |
| 005 |
20160714090000.0 |
| 007 |
##ta |
| 008 |
160714s2014 nyu b 000 0 eng d |
| 020 |
# |
# |
|a 9781477819692
|
| 040 |
# |
# |
|a BTCTA
|
| 090 |
0 |
0 |
|a B 650.1082
|b TEN
|
| 245 |
0 |
0 |
|a THE 10 HABITS OF HIGHLY SUCCESSFUL WOMEN
|c edited by Glynnis MacNicol and Rachel Sklar..
|
| 264 |
# |
1 |
|a New York:
|b Amazon Publishing,
|c 2014.
|
| 264 |
# |
4 |
|a ♭2014.
|
| 300 |
# |
# |
|a 211 pages;
|c 21 cm.
|
| 336 |
# |
# |
|a text
|2 rdacontent
|
| 337 |
# |
# |
|a unmediated
|2 rdamedia
|
| 338 |
# |
# |
|a volume
|2 rdacarrier
|
| 504 |
# |
# |
|a Includes bibliographical references and index
|
| 650 |
# |
0 |
|a Leadership in women
|
| 650 |
# |
0 |
|a Career development
|
| 650 |
# |
0 |
|a Success in business
|
| 650 |
# |
0 |
|a Success --
|x Psychological aspects
|
| 650 |
# |
0 |
|a Women in the professions
|
| 700 |
1 |
# |
|a MacNicol, Glynnis
|
| 700 |
1 |
# |
|a Sklar, Rachel(
|d 1972-)
|
| 999 |
|
|
|a B000035999
|b Book
|c Book
|e Business Information Centre
|